000
00323nam a22001337a 4500
008
181030b xxu||||| |||| 00| 0 eng d
020
_a
0801613175
041
_a
eng
080
_2
3rd
_a
330
100
_a
52
101
_a
MBE
245
_a
Special Techniques in Assertiveness Training STAT
_c
Chenevert, M
942
_2
udc
_c
BK
999
_c
51118
_d
51118